01302cam a22003617i 450000100090000000300040000900500170001300800410003001000170007102000280008802000280011602500190014403700530016304000280021604200100024405000240025408200180027810000550029624500480035126400640039930000230046333600260048633700280051233800270054050000110056752000500057853000330062865100460066190600450070794200420075295201290079499900170092322961945OSt20231007115407.0230207s2022 ii 000 1 eng  a 2023335849 a9789356294585q(P-ISBN) z9789356294592q(E-ISBN) aI-E-2023335849 bLibrary of Congress -- New Delhi Overseas Office aDLCbengerdacDLCdDLC alcode00aMLCM 2023/50045 (P) a813.54bDIV/I1 aDivakaruni, Chitra Banerjee,d1956-eauthor.9629710aIndependence /cChitra Banerjee Divakaruni. 1aGurugram, Haryana :bHarperCollins Publishers India,c2022. a285 pages ;c23 cm atextbtxt2rdacontent aunmediatedbn2rdamedia avolumebnc2rdacarrier aNovel. aOn decolonization and partition of the India. aAlso available as an e-book. 0aIndiaxHistoryyPartition, 1947vFiction. a7bcbccorigoded4encipf20gy-gencatlg 2ddccBKh813.54iDIV/Ik813.54mDIV/I 00102ddc40708FICaMESbMEScENGd2023-10-07l0o813.54 DIV/Ip42804r2023-10-07 11:55:40v699.00w2023-10-07yBKzGR18R3 c42572d42572